| 000 | 00525nam a2200181 4500 | ||
|---|---|---|---|
| 003 | SEACOMEC | ||
| 005 | 20251013155743.0 | ||
| 008 | 231004b |||||||| |||| 00| 0 eng d | ||
| 020 | _cRs. 315.00 | ||
| 040 | _aSEACOMEC | ||
| 082 |
_a621.3815 _bG977 |
||
| 100 | 1 | _aGupta, J.B. | |
| 245 | 1 |
_aElectronic Devices and circuits _cJ.B. Gupta |
|
| 260 |
_aDelhi _bS.K.Kataria _c2006 |
||
| 650 | _aApplied Physics | ||
| 650 | _aElectrical, magnetic, optical, communications, computer engineering; electronics, lighting | ||
| 942 | _cBOOK | ||
| 999 |
_c74 _d74 |
||